Classement du Ballon d'or 2025 - Statistiques

Statistiques générales
  • Ce quiz a été pris 143 fois
  • Le résultat moyen est 24 sur 30
Statistiques - réponses
Classement Pays Club Joueur % Correct
2 Espagne FC Barcelone Lamine Yamal
100%
1 France PSG Ousmane Dembele
100%
7 France Real Madrid Kylian Mbappe
96%
4 Egypte Liverpool Mohamed Salah
96%
6 Maroc PSG Achraf Hakimi
94%
10 Portugal PSG Nuno Mendes
94%
3 Portugal PSG Vitinha
91%
8 Angleterre Chelsea Cole Palmer
90%
11 Espagne FC Barcelone Pedri
87%
16 Brésil Real Madrid Vinicius Junior
87%
5 Brésil FC Barcelone Raphinha
85%
17 Pologne FC Barcelone Robert Lewandowski
85%
13 Angleterre Bayern Munich Harry Kane
84%
20 Argentine Inter Milan Lautaro Martinez
81%
15 Suède Sporting Lisbonne Viktor Gyokeres
81%
9 Italie PSG Gianluigi Donnarumma
80%
19 Portugal PSG Joao Neves
80%
14 France PSG Désiré Doué
79%
26 Norvège Manchester City Erling Haaland
77%
30 France Bayern Munich Michael Olise
77%
18 Écosse Naples Scott McTominay
75%
21 Guinée Borussia Dortmund Serhou Guirassy
74%
23 Angleterre Real Madrid Jude Bellingham
73%
24 Espagne PSG Fabian Ruiz
72%
12 Géorgie PSG Khvitcha Kvaratskhelia
69%
29 Allemagne Bayer Leverkusen Florian Wirtz
68%
28 Pays-Bas Liverpool Virgil Van Dijk
67%
25 Pays-Bas Inter Milan Denzel Dumfries
65%
22 Argentine Liverpool Alexis Mac Allister
63%
27 Angleterre Arsenal Declan Rice
63%
Aucun quiz correspondant
Distribution des résultats
% des personnes avec chaque résultat
Percentile par nombre de réponses
Votre historique - résultats
Vous n’avez pas pris ce quiz